000 00232nam a2200097Ia 4500
008 120527s9999 xx 000 0 und d
100 _aAmnesty Intl.Report
245 _aAmnesty International report 1993
260 _bAI
942 _cBK
999 _c25274
_d25274